Statistics for ‘F’ General Knowledge

Click here to take the quiz!

General Stats

  • This quiz has been taken 40 times
  • The average score is 12 of 15

Answer Stats

HintAnswer% Correct
What social media app has a logo with the letter F?Facebook
97%
A pacific island nationFiji
97%
What animal is famously known for being pinkFlamingo
97%
A long narrow inlet of the sea, typically found in NorwayFjord
94%
Black ______ is a huge discount of loads of itemsFriday
89%
What volcano is outside the city of Tokyo?Fuji
86%
‘500’ and ‘Punto’ are names of cars from what manufacturer?Fiat
83%
Petroleum and coal can be better described as what?Fuel
81%
Nazism is a type of what ideology?Fascism
78%
What Moroccan city shares its name with a type of hat?Fes
78%
Lois and Quagmire are characters of what TV show?Family Guy
67%
What monster has a nail in its neck?Frankenstein
67%
A ______ is used to describe a lot of birds in flightFlock
61%
A criminal deception intended to have a financial gainFraud
61%
Different ways to type words and letters is a what?Font
44%

Score Distribution

Percentile by Number Answered

Percent of People with Each Score

Your Score History

You have not taken this quiz